Central Library OPAC University of Rajshahi

Farmers Attitude Towards Using Agrochemicals in Rice Cultivation / (Record no. 83888)

MARC details
000 -LEADER
fixed length control field 01005nam a2200253 a 4500
001 - CONTROL NUMBER
RUCL Control Number 83888
003 - CONTROL NUMBER IDENTIFIER
rucl marc code BD-RjUL
005 - DATE AND TIME OF LATEST TRANSACTION
control field 20240604110328.0
008 - FIXED-LENGTH DATA ELEMENTS--GENERAL INFORMATION
fixed length control field 240604s2008 bg a|||| m||| 00| 0 eng d
035 ## - SYSTEM CONTROL NUMBER
system control number (BD-RjUL)83888
040 ## - CATALOGING SOURCE
Original cataloging agency BD-RjUL
Language of cataloging eng
Transcribing agency BD-RjUL
Modifying agency BD-RjUL
041 ## - LANGUAGE CODE
Language code of Book eng
082 ## - DEWEY DECIMAL CLASSIFICATION NUMBER
DDC Edition number 23
Classification number 631.8
Author mark and Year HOF 2008
100 ## - MAIN ENTRY--PERSONAL NAME
Personal name Hossain, Md. Motaleb
9 (RLIN) 13304
245 10 - TITLE STATEMENT
Title Farmers Attitude Towards Using Agrochemicals in Rice Cultivation /
Statement of responsibility, etc By Md. Motaleb Hossain ;
Name of Supervisor/Co-Supervisor Supervisor : Md. Arifur Rahman, Co-Supervisor : M. Zulfikar Rahman
260 ## - PUBLICATION, DISTRIBUTION, ETC. (IMPRINT)
Place of publication, distribution, etc Rajshahi :
Name of publisher, distributor, etc Institute of Bangladesh Studies, University of Rajshahi,
Date of publication, distribution, etc 2008
300 ## - PHYSICAL DESCRIPTION
Pagination xiii, 263 Leaves :
Other physical details ill, ;
Dimensions 29 cm.
502 ## - DISSERTATION NOTE
Dissertation note Thesis (Ph. D.) -- Institute of Bangladesh Studies, University of Rajshahi, 2008
504 ## - BIBLIOGRAPHY, ETC. NOTE
Bibliography, etc References : Leaves 220-239
650 ## - SUBJECT ADDED ENTRY--TOPICAL TERM
Topical term or geographic name as entry element Rice Cultivation
Form subdivision Fertilizers
9 (RLIN) 13305
700 ## - ADDED ENTRY--SUPERVISOR/CO-SUPERVISOR NAME
Personal name Rahman, Md. Arifur, Supervisor
9 (RLIN) 3088
Personal name Rahman, M. Zulfikar, Co-Supervisor
9 (RLIN) 13306
942 ## - ADDED ENTRY ELEMENTS (KOHA)
Source of classification or shelving scheme Dewey Decimal Classification
Koha item type Theses
Holdings
Source of classification or shelving scheme Damaged status Not for loan Collection code Permanent Location Current Location Shelving location Date of accession Source of acquisition Total Checkouts Full call number Barcode Date last seen Copy number Thesis
Dewey Decimal Classification   Not For Loan Theses Central Library, University of Rajshahi Central Library, University of Rajshahi Documentation Section 16/08/2009 Controller of Exam. R. U.   THE 631.8 HOF 2008 D3001 04/06/2024 C-I Theses